| 000 | 00583nam a2200205Ia 4500 | ||
|---|---|---|---|
| 003 | IN-BaIIA | ||
| 008 | 211028s9999 xx 000 0 eng d | ||
| 020 | _a978-81-265-2422-8 | ||
| 040 | _cIIA Library | ||
| 080 |
_a621.396.67 _bBAL |
||
| 100 |
_aBalanis, C. A _934805 |
||
| 245 | 0 |
_aAntenna theory _banalysis and design _cC. A. Balanis |
|
| 250 | _a3rd rep. | ||
| 260 |
_aNew Delhi _bJohn Wiley & Sons _c2011 |
||
| 300 | _axvii, 1117p. + cd | ||
| 650 |
_aAntenna - analysis and design _934806 |
||
| 650 |
_aAntenna measurements _97141 |
||
| 650 |
_aAntennas _92176 |
||
| 942 | _cBK | ||
| 999 |
_c18198 _d18198 |
||